00827 a2200229 45000010006000000050017000060080041000230030015000640400040000790800079001192450093001980200022002912500012003132640046003253000027003710410008003981000017004067000031004237000021004547000027004758560095005024096620260407155703.0260407a2008 arg spa dAR-UNSa-BCEJYS aAR-UNSa-BCEJYSbspacAR-UNSa-BCEJYS a(038.2)=111xDiccionario bilingüe español-inglés, inglés-español10aThe Oxford spanish dictionarynGran diccionario OxfordpSpanish-English, English-Spanish a978-0-19-536749-2 a4a. ed. 1aNew York :bOxford University Pressc2008 axlviii, 1943 p.c27 cm aspa1 aRussell, Roy1 aGalimberti Jarman, Beatriz1 aRollin, Nicholas1 aStyles Carvajal, Carol41uhttps://biblioeco.unsa.edu.ar/pmb/images/libros/L126317.jpgyImagen de portadaqimage/jpeg